000
00284nam a22001217a 4500
003
SGT
082
_a
370
_b
WEI
100
_a
WEISS, CURTISE
245
_a
CLINICAL MANAGEMENT OF ARTICULARY AND PHONOLOGIC DISORDER
260
_a
BOSTON
_b
ALLYN
_c
1989
300
_a
599
942
_2
ddc
_c
BK
999
_c
17760
_d
17760